| 000 | 00709 a2200181 4500 | ||
|---|---|---|---|
| 999 |
_c10399 _d10399 |
||
| 020 | _a9780124157828 (hardback) | ||
| 050 | 0 | 0 | _aTA1677. YIL 2012 |
| 100 | 1 |
_aYilbas, B. S. _eauthor |
|
| 245 | 1 | 0 |
_aLaser heating applications : _banalytical modelling / _cBekir Sami Yilbas. |
| 264 |
_aAmsterdam: _bElseivier., _c2012 |
||
| 300 |
_axiii, 310 p. : _bill. ; |
||
| 500 | _aIncludes bibliographical references and index. | ||
| 504 | _aIncludes bibliographical references and index. | ||
| 650 | 0 |
_aLasers _xIndustrial applications. |
|
| 650 | 0 |
_aHeat engineering _xInstruments. |
|
| 942 |
_2lcc _cBK _h1677 _iYIL _kTA |
||